[Event "Finale du championnat de corse individue"]
[Site "Bastia"]
[Date "2014.06.23"]
[Round "1.1"]
[White "Humeau, Cyril"]
[Black "Podvin, Antoine"]
[Result "1-0"]
[WhiteElo "2312"]
[BlackElo "1745"]
[PlyCount "105"]
[EventDate "2014.??.??"]

1. e4 d5 2. Nc3 d4 3. Nce2 e5 4. Ng3 Be6 5. c3 c5 6. Qa4+ Nc6 7. Bb5 Nge7 8.
Nf3 Qc7 9. Ng5 Qd7 10. cxd4 cxd4 11. Nxe6 Qxe6 12. O-O g6 13. Bc4 Qf6 14. d3
Bg7 15. f4 O-O 16. fxe5 Qxe5 17. Qb3 Nd8 18. Bf4 Qc5 19. Rac1 Qb6 20. Qxb6 axb6
21. Bc7 Nec6 22. Bxb6 Ne6 23. Ne2 Rac8 24. a3 Bh6 25. Rcd1 Be3+ 26. Kh1 g5 27.
Rf5 h6 28. Rdf1 Kg7 29. g3 g4 30. Kg2 Rce8 31. Nf4 Bxf4 32. gxf4 Kg6 33. Kg3 h5
34. Kh4 Ng7 35. Rg5+ Kh6 36. Bc5 Ne7 37. Bxe7 Rxe7 38. Rd5 Rfe8 39. Rd6+ Kh7
40. f5 Re5 41. a4 Ra5 42. b3 Rc5 43. Bxf7 Rec8 44. Kg5 R8c6 45. Bg6+ Kg8 46.
Rd8+ Ne8 47. Rxe8+ Kg7 48. Re7+ Kf8 49. Rf7+ Kg8 50. Rxb7 Rc2 51. Rb8+ Kg7 52.
f6+ Rxf6 53. Rxf6 1-0

[Event "Finale du championnat de corse individue"]
[Site "Bastia"]
[Date "2014.06.23"]
[Round "1.2"]
[White "Brethes, Francois"]
[Black "Utrera, Ludovic"]
[Result "1-0"]
[WhiteElo "2257"]
[BlackElo "2002"]
[PlyCount "65"]
[EventDate "2014.??.??"]

1. d4 f5 2. Nc3 Nf6 3. Bf4 g6 4. Qd3 Bg7 5. e4 fxe4 6. Nxe4 Nxe4 7. Qxe4 d5 8.
Qe3 c5 9. Bb5+ Nc6 10. Bxc6+ bxc6 11. Nf3 O-O 12. Be5 Bxe5 13. Nxe5 cxd4 14.
Qxd4 c5 15. Qxc5 Bb7 16. O-O-O Rc8 17. Qd4 e6 18. f4 Qf6 19. g3 Qf5 20. c3 Rc7
21. h4 Rfc8 22. Rde1 a5 23. g4 Qf6 24. g5 Qg7 25. h5 a4 26. hxg6 hxg6 27. Rh6
Rc4 28. Nxc4 Qxd4 29. cxd4 Rxc4+ 30. Kb1 Rxd4 31. Rxg6+ Kf7 32. Rf6+ Kg7 33.
Rexe6 1-0

[Event "Finale du championnat de corse individue"]
[Site "Bastia"]
[Date "2014.06.23"]
[Round "1.3"]
[White "Bouslimi, Nabil"]
[Black "Bigonnet, Jean-Michel"]
[Result "0-1"]
[WhiteElo "1728"]
[BlackElo "2003"]
[PlyCount "64"]
[EventDate "2014.??.??"]

1. d4 Nf6 2. c4 c5 3. d5 b5 4. cxb5 a6 5. bxa6 Bxa6 6. Nc3 g6 7. e4 Bxf1 8.
Kxf1 d6 9. g3 Bg7 10. Kg2 Nbd7 11. Nf3 O-O 12. Re1 Qb6 13. Qc2 Rfc8 14. a4 Ng4
15. Bg5 e6 16. h3 Nge5 17. Nxe5 Nxe5 18. Nb5 exd5 19. exd5 Re8 20. f4 Nd7 21.
Re7 Nf6 22. Qe2 Rxe7 23. Qxe7 Nxd5 24. Qxd6 Qb7 25. Kh2 Re8 26. h4 h5 27. Rg1
Re2+ 28. Rg2 Rxg2+ 29. Kxg2 Nxf4+ 30. Kf2 Qg2+ 31. Ke3 Qxg3+ 32. Kd2 Qf2+ 0-1

[Event "Finale du championnat de corse individue"]
[Site "Bastia"]
[Date "2014.06.23"]
[Round "1.4"]
[White "Lhostis, Florian"]
[Black "Guillemart, Serge"]
[Result "1/2-1/2"]
[WhiteElo "1778"]
[BlackElo "1771"]
[PlyCount "77"]
[EventDate "2014.??.??"]

1. e4 e5 2. Nf3 Nf6 3. d4 Nxe4 4. Bd3 d5 5. Nxe5 Nd7 6. c4 Nxe5 7. dxe5 Bb4+ 8.
Nd2 O-O 9. a3 Qh4 10. g3 Bxd2+ 11. Bxd2 Qh3 12. cxd5 Qg2 13. Rf1 Nc5 14. Qc2
Qxd5 15. Bxh7+ Kh8 16. Be3 Nb3 17. Rd1 Qa5+ 18. Ke2 Be6 19. Bf5 Qb5+ 20. Ke1
Rad8 21. Bxe6 fxe6 22. f4 c5 23. Kf2 Nd4 24. Bxd4 cxd4 25. Kg1 d3 26. Qc3 Qb6+
27. Kg2 Rc8 28. Qxd3 Qxb2+ 29. Rd2 Qb6 30. Rb1 Qa5 31. Rxb7 Rcd8 32. Rd7 Rxd7
33. Qxd7 Qxa3 34. Qxe6 Qe3 35. Rd7 Qe2+ 36. Kg1 Qe1+ 37. Kg2 Qe2+ 38. Kh3 Qh5+
39. Kg2 1/2-1/2

[Event "Finale du championnat de corse individue"]
[Site "Bastia"]
[Date "2014.06.23"]
[Round "2.2"]
[White "Guillemart, Serge"]
[Black "Bigonnet, Jean-Michel"]
[Result "0-1"]
[WhiteElo "1771"]
[BlackElo "2003"]
[PlyCount "96"]
[EventDate "2014.??.??"]

1. g3 Nf6 2. Bg2 c5 3. Nf3 Nc6 4. O-O e6 5. d3 Be7 6. Nbd2 O-O 7. a4 d5 8. e4
b6 9. h3 Bb7 10. Nh2 Qc7 11. f4 dxe4 12. dxe4 Ba6 13. Re1 Rad8 14. e5 Nd5 15.
Qh5 Nd4 16. c4 g6 17. Qd1 Nb4 18. Be4 Bb7 19. Nhf3 Ndc2 20. Bxc2 Bxf3 21. Nxf3
Rxd1 22. Bxd1 Rd8 23. Be3 Qb7 24. Nd2 Qd7 25. Ne4 Qd3 26. Bf3 Qxc4 27. Rad1 Nd5
28. Bf2 Qxa4 29. Ra1 Qd7 30. Rad1 Qb5 31. Rd2 Kg7 32. Red1 Qb3 33. Bg2 a5 34.
g4 a4 35. Nf6 Nxf6 36. exf6+ Bxf6 37. Rxd8 Bxd8 38. Rxd8 Qxb2 39. f5 a3 40.
fxe6 a2 41. e7 a1=Q+ 42. Bf1 Qe2 43. e8=N+ Kh6 44. g5+ Kxg5 45. Rd5+ f5 46. h4+
Kh6 47. Be3+ Qxe3+ 48. Kh2 Qf2+ 0-1

[Event "Finale du championnat de corse individue"]
[Site "Bastia"]
[Date "2014.06.23"]
[Round "2.3"]
[White "Utrera, Ludovic"]
[Black "Humeau, Cyril"]
[Result "0-1"]
[WhiteElo "2002"]
[BlackElo "2312"]
[PlyCount "102"]
[EventDate "2014.??.??"]

1. e4 e5 2. Nf3 Nf6 3. d4 Nxe4 4. Nxe5 d5 5. Bd3 Nd7 6. O-O Nxe5 7. dxe5 Nc5 8.
Nc3 Nxd3 9. Qxd3 c6 10. f4 Bc5+ 11. Kh1 g6 12. Ne2 Bf5 13. Qc3 Qb6 14. Ng3 Qb4
15. Qf3 Bxc2 16. Qg4 h5 17. Qh3 a5 18. a3 Qd4 19. Re1 Bd1 20. Be3 Qxe3 21.
Raxd1 Qxf4 22. Ne2 Qe3 23. Qh4 Be7 24. Qa4 Qg5 25. Qb3 Rb8 26. Nd4 O-O 27. e6
f6 28. Re3 Kh7 29. Rg3 Qh6 30. Re1 Rfe8 31. Rf3 f5 32. Qb6 Bf6 33. Nb3 Qg7 34.
Qxa5 Bxb2 35. Qd2 b6 36. h3 h4 37. g4 hxg3 38. Rxg3 Be5 39. Rg2 Bc3 40. Qf2
Bxe1 41. Qxe1 Qf6 42. Re2 c5 43. Nd2 Rb7 44. Nf3 Rbe7 45. h4 Kg7 46. Ng5 d4 47.
Qg3 c4 48. h5 Rh8 49. Rh2 f4 50. Qg2 Rxh5 51. Rxh5 gxh5 0-1

[Event "Finale du championnat de corse individue"]
[Site "Bastia"]
[Date "2014.06.23"]
[Round "2.4"]
[White "Podvin, Antoine"]
[Black "Bouslimi, Nabil"]
[Result "1/2-1/2"]
[WhiteElo "1745"]
[BlackElo "1728"]
[PlyCount "89"]
[EventDate "2014.??.??"]

1. d4 Nf6 2. c4 c5 3. d5 e6 4. Nc3 exd5 5. Nxd5 Nxd5 6. cxd5 d6 7. e4 g6 8. Bd3
Bg7 9. f4 O-O 10. Nf3 a6 11. a4 Bg4 12. O-O Nd7 13. Be3 Qc7 14. Qc2 Rfc8 15.
Rac1 Qa5 16. Bd2 Qb6 17. a5 Qxb2 18. Qxb2 Bxb2 19. Rb1 Bd4+ 20. Nxd4 cxd4 21.
h3 Nc5 22. hxg4 Nxd3 23. Bb4 Nc5 24. e5 Ne4 25. exd6 Rd8 26. Rfd1 Nxd6 27. Bxd6
Rxd6 28. Rxd4 Rad8 29. Rbd1 Rc8 30. Rb1 Rc5 31. Rxb7 Rcxd5 32. Rc4 Rxa5 33.
Rc8+ Kg7 34. g5 Rad5 35. Rbb8 f5 36. Rg8+ Kf7 37. Rgf8+ Ke7 38. Rfe8+ Kd7 39.
Red8+ Kc7 40. Rdc8+ Kd7 41. Rd8+ Ke7 42. Re8+ Kd7 43. Red8+ Ke7 44. Re8+ Kd7
45. Red8+ 1/2-1/2

[Event "Finale du championnat de corse individue"]
[Site "Bastia"]
[Date "2014.06.23"]
[Round "2.1"]
[White "Lhostis, Florian"]
[Black "Brethes, Francois"]
[Result "0-1"]
[WhiteElo "1778"]
[BlackElo "2257"]
[PlyCount "110"]
[EventDate "2014.??.??"]

1. e4 c6 2. d4 d5 3. exd5 cxd5 4. Bd3 Nc6 5. c3 Nf6 6. Nf3 Bg4 7. Bf4 e6 8.
Nbd2 Be7 9. h3 Bh5 10. O-O a6 11. a4 Rc8 12. Qb3 Na5 13. Qc2 Bg6 14. Ne5 Bxd3
15. Qxd3 O-O 16. Bh2 Qb6 17. b4 Nc6 18. Kh1 Nxe5 19. Bxe5 Ne4 20. Nxe4 dxe4 21.
Qe3 Qc6 22. Rfc1 Qd5 23. f3 exf3 24. Qxf3 Qxf3 25. gxf3 Rc4 26. Bf4 Rd8 27. Kg2
Bf6 28. b5 Rdc8 29. bxa6 bxa6 30. Bd2 e5 31. d5 Rd8 32. Rcb1 h6 33. Rb4 Rxb4
34. cxb4 Rxd5 35. Be3 Rd3 36. Bc5 e4 37. Rf1 e3 38. Re1 Bc3 39. Rxe3 Rxe3 40.
Bxe3 Bxb4 41. Kf2 Kf8 42. Ke2 Ke7 43. Kd3 Kd6 44. Kc4 Ba3 45. Bd4 g6 46. Be3 h5
47. Kb3 Bc5 48. Bf4+ Kd5 49. Bc7 Kd4 50. a5 Kd3 51. f4 Ke4 52. Kc4 Be3 53. h4
f5 54. Bd6 Bxf4 55. Bxf4 Kxf4 0-1

[Event "Finale du championnat de corse individue"]
[Site "Bastia"]
[Date "2014.06.23"]
[Round "3.1"]
[White "Humeau, Cyril"]
[Black "Lhostis, Florian"]
[Result "1-0"]
[WhiteElo "2312"]
[BlackElo "1778"]
[PlyCount "65"]
[EventDate "2014.??.??"]

1. d4 Nf6 2. c4 g6 3. Nc3 d5 4. Nf3 Bg7 5. Bg5 Ne4 6. cxd5 Nxg5 7. Nxg5 e6 8.
Qa4+ c6 9. dxc6 Nxc6 10. Nf3 O-O 11. e3 Bd7 12. Qd1 Qa5 13. Be2 Nb4 14. O-O
Rfd8 15. Qb3 Bc6 16. Nd2 Nd5 17. Bf3 Nxc3 18. Qxc3 Qxc3 19. bxc3 Rac8 20. Rfc1
Bf8 21. Bxc6 Rxc6 22. Rab1 Rd7 23. Kf1 Ra6 24. Rc2 Rc7 25. Ke2 Ra3 26. Rb3 a5
27. Kd3 Rxb3 28. axb3 b5 29. Ra2 Ra7 30. e4 a4 31. e5 Bh6 32. Ne4 Kg7 33. Nd6
1-0

[Event "Finale du championnat de corse individue"]
[Site "Bastia"]
[Date "2014.06.23"]
[Round "3.2"]
[White "Brethes, Francois"]
[Black "Guillemart, Serge"]
[Result "1-0"]
[WhiteElo "2257"]
[BlackElo "1771"]
[PlyCount "53"]
[EventDate "2014.??.??"]

1. d4 Nf6 2. Nc3 d5 3. Nf3 e6 4. Bf4 Bd6 5. Bg5 Be7 6. Bxf6 Bxf6 7. e4 dxe4 8.
Nxe4 O-O 9. c3 b6 10. Bd3 Bb7 11. Qc2 h6 12. O-O-O Nd7 13. h4 Re8 14. Kb1 g6
15. Ne5 Bg7 16. f4 Nf6 17. Nxf6+ Bxf6 18. h5 Bxe5 19. dxe5 Kg7 20. hxg6 Qe7 21.
gxf7 Qxf7 22. Rxh6 Rh8 23. Rg6+ Qxg6 24. Bxg6 Rad8 25. Rxd8 Rxd8 26. Bh5 Kf8
27. Qg6 1-0

[Event "Finale du championnat de corse individue"]
[Site "Bastia"]
[Date "2014.06.23"]
[Round "3.3"]
[White "Bigonnet, Jean-Michel"]
[Black "Podvin, Antoine"]
[Result "1-0"]
[WhiteElo "2003"]
[BlackElo "1745"]
[PlyCount "135"]
[EventDate "2014.??.??"]

1. e4 d5 2. exd5 Nf6 3. Nf3 Bg4 4. Be2 Nxd5 5. Nc3 e6 6. O-O Nc6 7. Nxd5 exd5
8. d4 Bd6 9. c3 Qd7 10. b4 Ne7 11. Re1 Bxf3 12. Bxf3 O-O 13. Bg5 Ng6 14. h4 c6
15. h5 Nf4 16. Qd2 Qf5 17. Be7 Bxe7 18. Rxe7 b5 19. Re5 Qf6 20. g3 Ne6 21. Qe3
a5 22. Bg4 axb4 23. Bxe6 fxe6 24. Rxe6 Qf3 25. Qxf3 Rxf3 26. cxb4 Rc3 27. Re7
Rc4 28. Rae1 Rxd4 29. Rc7 Rxb4 30. Ree7 Rg4 31. Kg2 Kf8 32. Kh3 Rg5 33. Rf7+
Ke8 34. Kh4 Re5 35. Rxg7 Kd8 36. Rgd7+ Ke8 37. Rxh7 Kd8 38. Rxc6 Rxa2 39. Rd6+
Kc8 40. Rc6+ Kd8 41. Rb6 Kc8 42. f4 Re8 43. Rxb5 Rg8 44. Rc5+ Kb8 45. g4 Ra1
46. g5 Rf8 47. Rb5+ Kc8 48. Rb4 Rh1+ 49. Kg3 Rg1+ 50. Kh2 Ra1 51. g6 Re8 52. g7
Re2+ 53. Kh3 Rh1+ 54. Kg4 Rg2+ 55. Kf5 Rhg1 56. Kf6 Rg3 57. Ra4 Kb8 58. Rd4 Rg4
59. Rxd5 Rxf4+ 60. Rf5 Rfg4 61. Kf7 Kc7 62. Rf6 Kd7 63. Rg6 Rf1+ 64. Kg8 Ra4
65. Kh8 Rf7 66. g8=Q Rxh7+ 67. Qxh7+ Ke8 68. Rg8# 1-0

[Event "Finale du championnat de corse individue"]
[Site "Bastia"]
[Date "2014.06.23"]
[Round "3.4"]
[White "Bouslimi, Nabil"]
[Black "Utrera, Ludovic"]
[Result "0-1"]
[WhiteElo "1728"]
[BlackElo "2002"]
[PlyCount "74"]
[EventDate "2014.??.??"]

1. d4 f5 2. Bg5 Nf6 3. e3 Ne4 4. Bh4 c5 5. Bd3 d5 6. Bxe4 dxe4 7. Nc3 Qb6 8.
Nge2 e6 9. O-O Be7 10. Bxe7 Kxe7 11. Na4 Qc6 12. Nxc5 g5 13. b4 b6 14. Nb3 Bb7
15. c4 Qxc4 16. Rc1 Qd5 17. Rc7+ Nd7 18. Nc3 Qd6 19. Rxb7 Qc6 20. Rxd7+ Kxd7
21. Qd2 Rac8 22. Rc1 Qd6 23. d5 e5 24. Nb5 Qb8 25. d6 Rxc1+ 26. Qxc1 a6 27.
Qc7+ Qxc7 28. Nxc7 Kxd6 29. Nxa6 Kc6 30. a4 Rd8 31. b5+ Kd5 32. Kf1 Kc4 33.
Nbc5 bxc5 34. b6 Rd1+ 35. Ke2 Rb1 36. a5 Kb5 37. Nb4 Rxb4 0-1

[Event "Finale du championnat de corse individue"]
[Site "Bastia"]
[Date "2014.06.23"]
[Round "4.1"]
[White "Brethes, Francois"]
[Black "Humeau, Cyril"]
[Result "1-0"]
[WhiteElo "2257"]
[BlackElo "2312"]
[PlyCount "143"]
[EventDate "2014.??.??"]

1. d4 b5 2. a4 b4 3. c4 bxc3 4. Nxc3 d5 5. Nf3 Nf6 6. Bf4 e6 7. e3 Bb4 8. Ne5
O-O 9. Bd3 Nfd7 10. Qh5 g6 11. Qe2 c5 12. O-O c4 13. Nxc4 Ba6 14. Ne5 Nxe5 15.
Bxa6 Nxa6 16. Bxe5 Qa5 17. Nb5 f6 18. Bg3 f5 19. Rfc1 Be7 20. Nc7 Nxc7 21. Rxc7
Qb4 22. Qb5 Rfd8 23. Qc6 Bd6 24. Rd7 Rxd7 25. Qxd7 Bxg3 26. Qxe6+ Kg7 27. hxg3
Qxb2 28. Rf1 Kh6 29. Qxd5 Rc8 30. Qb5 Qd2 31. Qb1 Rc4 32. Rd1 Qe2 33. Qd3 Qxd3
34. Rxd3 Rxa4 35. d5 Ra1+ 36. Kh2 Rb1 37. g4 fxg4 38. Kg3 Kg5 39. d6 Rb8 40.
Ra3 Rb7 41. Ra5+ Kf6 42. e4 Ke6 43. e5 Rb4 44. Rxa7 Kxe5 45. Rxh7 Rd4 46. d7 g5
$2 (46... Kf6 $1 47. Kh4 g5+ 48. Kh5 g3 $1 49. fxg3 g4 $11) 47. Rh8 Rxd7 48.
Kxg4 Kf6 49. Rf8+ Kg7 50. Rf5 Kh6 51. Rxg5 Rd2 52. Rf5 Kg6 53. g3 Rd3 54. Ra5
Rd6 55. f4 Rb6 56. Rg5+ Kf6 57. Rh5 Rb3 58. Rh6+ Kg7 59. Ra6 Kf7 60. f5 Rc3 61.
Kf4 Kg7 62. g4 Rb3 63. Kg5 Rb7 64. Rg6+ Kh7 65. Rh6+ Kg7 66. f6+ Kg8 67. Kg6
Rg7+ 68. Kf5 Ra7 69. g5 Ra5+ 70. Kg6 Ra6 71. Rh1 Ra7 72. f7+ 1-0

[Event "Finale du championnat de corse individue"]
[Site "Bastia"]
[Date "2014.06.23"]
[Round "4.2"]
[White "Utrera, Ludovic"]
[Black "Bigonnet, Jean-Michel"]
[Result "1-0"]
[WhiteElo "2002"]
[BlackElo "2003"]
[PlyCount "71"]
[EventDate "2014.??.??"]

1. e4 b6 2. d4 Bb7 3. Bd3 e6 4. Nf3 d5 5. exd5 Qxd5 6. O-O Nf6 7. Re1 Be7 8.
Bg5 Qd8 9. Nbd2 Nbd7 10. c3 h6 11. Bh4 Nd5 12. Bxe7 Nxe7 13. Ne5 Nxe5 14. Rxe5
Qd7 15. a4 Nc6 16. Re3 a6 17. Qe2 Ne7 18. Rg3 Kf8 19. Qg4 g6 20. Nc4 Nf5 21.
Ne5 Qe7 22. Bxf5 exf5 23. Qf4 Qd6 24. h4 Re8 25. h5 Rxe5 26. dxe5 Qe6 27. hxg6
fxg6 28. Rd3 Kf7 29. Rad1 Bc6 30. Rd8 Rxd8 31. Rxd8 g5 32. Qd4 f4 33. a5 bxa5
34. Qc5 Kg6 35. Rf8 Kg7 36. Rf6 1-0

[Event "Finale du championnat de corse individue"]
[Site "Bastia"]
[Date "2014.06.23"]
[Round "4.3"]
[White "Lhostis, Florian"]
[Black "Bouslimi, Nabil"]
[Result "1-0"]
[WhiteElo "1778"]
[BlackElo "1728"]
[PlyCount "107"]
[EventDate "2014.??.??"]

1. e4 e6 2. d4 d5 3. Nc3 Nf6 4. Bg5 Be7 5. exd5 exd5 6. Bd3 h6 7. Bf4 O-O 8.
Nge2 Nc6 9. O-O a5 10. Nb5 Nb4 11. Nxc7 Nxd3 12. Qxd3 Ra7 13. h3 b6 14. Nb5 Ba6
15. a4 Re8 16. Nec3 Ne4 17. Rfe1 Bb4 18. Qf3 Rae7 19. Re3 Bxb5 20. Nxb5 Nd2 21.
Qg3 Ne4 22. Qg4 Bd2 23. Rd3 f5 24. Qf3 Bxf4 25. Qxf4 Qd7 26. Qc1 Qc6 27. Re3 f4
28. Re1 Qf6 29. f3 Ng3 30. Rxe7 Qxe7 31. Qd2 Qe2 32. Qxe2 Rxe2 33. Rc1 Nf5 34.
Nc3 Nxd4 35. Nxd5 g5 36. Nxb6 Nxc2 37. Nd5 Rd2 38. Nf6+ Kf7 39. Ne4 Re2 40. Kf1
Nd4 41. Rc4 Rxb2 42. Rxd4 Ke6 43. Rd6+ Ke5 44. Rd2 Rb4 45. Nc5 Rc4 46. Nd3+ Kf6
47. Nb2 Rb4 48. Ke2 Ke6 49. Kd1 Rb3 50. Kc2 Rb4 51. Kc3 Rb8 52. Nc4 Rc8 53.
Rd6+ Kf5 54. Rxh6 1-0

[Event "Finale du championnat de corse individue"]
[Site "Bastia"]
[Date "2014.06.23"]
[Round "4.4"]
[White "Guillemart, Serge"]
[Black "Podvin, Antoine"]
[Result "0-1"]
[WhiteElo "1771"]
[BlackElo "1745"]
[PlyCount "84"]
[EventDate "2014.??.??"]

1. d4 Nf6 2. Nf3 b6 3. c4 e6 4. Nc3 Bb4 5. Bg5 Bb7 6. e3 h6 7. Bh4 g5 8. Bg3
Ne4 9. Qc2 Bxc3+ 10. bxc3 d6 11. Bd3 f5 12. O-O Nd7 13. Nd2 Nxd2 14. Qxd2 h5
15. f3 Nf6 16. Rae1 Qe7 17. d5 O-O-O 18. dxe6 Qxe6 19. Qc2 Kb8 20. Bxf5 Qxc4
21. e4 h4 22. Bf2 Nd7 23. Bd4 Ne5 24. Qd2 Rhg8 25. Rd1 Ba6 26. Bxe5 dxe5 27.
Qxd8+ Rxd8 28. Rxd8+ Kb7 29. Rfd1 Qxa2 30. Bc8+ Kc6 31. Bd7+ Kb7 32. Be8 Bc4
33. Bd7 Qe2 34. Bc8+ Kc6 35. Bd7+ Kc5 36. Be8 Qe3+ 37. Kh1 h3 38. R8d7 c6 39.
R7d6 Bb5 40. R6d2 Be2 41. Rd6 hxg2+ 42. Kxg2 Bxf3+ 0-1

[Event "Finale du championnat de corse individue"]
[Site "Bastia"]
[Date "2014.06.23"]
[Round "5.1"]
[White "Bouslimi, Nabil"]
[Black "Brethes, Francois"]
[Result "0-1"]
[WhiteElo "1728"]
[BlackElo "2257"]
[PlyCount "50"]
[EventDate "2014.??.??"]

1. d4 d6 2. c4 e5 3. e3 Nc6 4. h3 g6 5. Nf3 e4 6. Nfd2 f5 7. Nc3 Nf6 8. b4 Bh6
9. a3 O-O 10. Be2 Ne7 11. Nb3 d5 12. O-O c6 13. b5 g5 14. Bd2 f4 15. Re1 f3 16.
Bf1 g4 17. bxc6 bxc6 18. cxd5 cxd5 19. h4 fxg2 20. Bxg2 Nf5 21. h5 Nh4 22. Qc2
Nf3+ 23. Kf1 Ba6+ 24. Ne2 Nxh5 25. Qc6 Ng3+ 0-1

[Event "Finale du championnat de corse individue"]
[Site "Bastia"]
[Date "2014.06.23"]
[Round "5.2"]
[White "Bigonnet, Jean-Michel"]
[Black "Lhostis, Florian"]
[Result "1/2-1/2"]
[WhiteElo "2003"]
[BlackElo "1778"]
[PlyCount "80"]
[EventDate "2014.??.??"]

1. b3 Nf6 2. Bb2 e6 3. e3 d5 4. f4 c5 5. Nf3 Be7 6. Bd3 O-O 7. O-O Nbd7 8. Nc3
b6 9. Ne2 Ne4 10. Bxe4 dxe4 11. Ne5 Bb7 12. Ng3 f5 13. Nh5 Nf6 14. g4 Qe8 15.
Kh1 Rd8 16. Rg1 g6 17. Nxf6+ Bxf6 18. g5 Bh8 19. Rg3 Rd5 20. Qe1 Bxe5 21. Bxe5
Rxe5 22. fxe5 Qb8 23. Kg1 Qxe5 24. c3 Ba6 25. c4 f4 26. exf4 Rxf4 27. Rb1 Qf5
28. Rc1 Rf3 29. Rxf3 exf3 30. Qg3 e5 31. Re1 Bb7 32. Kf2 Qd3 33. Qxe5 Qxd2+ 34.
Kg3 Qg2+ 35. Kh4 Qf2+ 36. Qg3 Qd4+ 37. Qg4 Qf2+ 38. Qg3 Qd4+ 39. Qg4 Qf2+ 40.
Qg3 Qd4+ 1/2-1/2

[Event "Finale du championnat de corse individue"]
[Site "Bastia"]
[Date "2014.06.23"]
[Round "5.3"]
[White "Humeau, Cyril"]
[Black "Guillemart, Serge"]
[Result "1-0"]
[WhiteElo "2312"]
[BlackElo "1771"]
[PlyCount "111"]
[EventDate "2014.??.??"]

1. e4 e5 2. Nf3 Nc6 3. c3 d6 4. d4 Bg4 5. Qa4 Bd7 6. Qb3 Na5 7. Qc2 exd4 8.
cxd4 Nf6 9. Nc3 Be7 10. e5 Nh5 11. Bd3 Nc6 12. e6 fxe6 13. Bxh7 Nf6 14. Bg6+
Kf8 15. Be3 Be8 16. Ng5 Qd7 17. Bxe8 Rxe8 18. Qb3 Nd8 19. O-O d5 20. h3 c6 21.
Qc2 Bd6 22. f4 Nf7 23. Nf3 Qc7 24. Ne5 Bxe5 25. fxe5 Nxe5 26. dxe5 Qxe5 27.
Rae1 Qh5 28. Bxa7 Ke7 29. Bd4 Rh6 30. Qe2 Qxe2 31. Rxe2 Rg6 32. b4 Rh8 33. Rf3
Kd7 34. Kf1 Rh4 35. g4 Rh8 36. a4 Re8 37. a5 Rg5 38. Bxf6 gxf6 39. Rxf6 e5 40.
Rf7+ Kd6 41. Rxb7 e4 42. a6 Ke5 43. a7 Ra8 44. b5 Kd4 45. b6 Rgg8 46. Nd1 Kd3
47. Rc7 d4 48. Nf2+ Kc4 49. Nxe4 d3 50. Rb2 d2 51. Rxd2 c5 52. Rxc5+ Kb4 53.
Rb2+ Ka4 54. Rcb5 Rgf8+ 55. Kg2 Rfd8 56. Nc3+ 1-0

[Event "Finale du championnat de corse individue"]
[Site "Bastia"]
[Date "2014.06.23"]
[Round "5.4"]
[White "Podvin, Antoine"]
[Black "Utrera, Ludovic"]
[Result "1-0"]
[WhiteElo "1745"]
[BlackElo "2002"]
[PlyCount "79"]
[EventDate "2014.??.??"]

1. d4 Nf6 2. c4 g6 3. Nc3 Bg7 4. e4 O-O 5. Bd3 d6 6. Nge2 e5 7. d5 a5 8. f3 c6
9. Be3 cxd5 10. cxd5 Nfd7 11. O-O f5 12. Nb5 f4 13. Bf2 Nf6 14. Rc1 Na6 15.
Nec3 Ne8 16. Na4 Qg5 17. Kh1 Bd7 18. Nb6 Rd8 19. Qa4 Nf6 20. Qxa5 Bh3 21. gxh3
Qh5 22. Kg2 Qg5+ 23. Kh1 Qh5 24. Kg2 g5 25. Qd2 g4 26. hxg4 Nxg4 27. fxg4 Qxg4+
28. Bg3 fxg3 29. hxg3 Nc5 30. Nc3 Bf6 31. Qe2 Qg6 32. Rf3 Rf7 33. Rcf1 Rdf8 34.
b4 Nxd3 35. Qxd3 h5 36. Nc4 Bg5 37. Rxf7 Rxf7 38. Rxf7 Kxf7 39. Qf3+ Bf4 40.
Ne2 1-0

[Event "Finale du championnat de corse individue"]
[Site "Bastia"]
[Date "2014.06.23"]
[Round "6.1"]
[White "Brethes, Francois"]
[Black "Bigonnet, Jean-Michel"]
[Result "1-0"]
[WhiteElo "2257"]
[BlackElo "2003"]
[PlyCount "53"]
[EventDate "2014.??.??"]

1. d4 Nf6 2. c3 c5 3. g3 d5 4. Bg2 Bf5 5. Nf3 e6 6. O-O Be7 7. Be3 cxd4 8. cxd4
O-O 9. Nc3 Nc6 10. Ne5 Nxe5 11. dxe5 Nd7 12. Bd4 f6 13. exf6 Nxf6 14. Qb3 Qd7
15. Rad1 Kh8 16. e4 Bg4 17. f3 Bh5 18. exd5 exd5 19. Rfe1 Rae8 20. Qb5 Qxb5 21.
Nxb5 Bb4 22. Rxe8 Rxe8 23. a3 Ba5 24. Bxa7 Re2 25. b4 Bd8 26. Nc3 Rc2 27. Nxd5
1-0

[Event "Finale du championnat de corse individue"]
[Site "Bastia"]
[Date "2014.06.23"]
[Round "6.2"]
[White "Humeau, Cyril"]
[Black "Bouslimi, Nabil"]
[Result "1-0"]
[WhiteElo "2312"]
[BlackElo "1728"]
[PlyCount "81"]
[EventDate "2014.??.??"]

1. d4 Nf6 2. c4 c5 3. dxc5 e6 4. a3 Ne4 5. Nf3 Bxc5 6. e3 O-O 7. Bd3 f5 8. Qc2
Ng5 9. Nbd2 Nc6 10. b4 Bb6 11. Bb2 Nxf3+ 12. Nxf3 d6 13. Rd1 Qe7 14. e4 Bd7 15.
O-O fxe4 16. Bxe4 h6 17. Qd2 Bc7 18. Ne5 Nxe5 19. Bxe5 Qh4 20. Bxb7 Rab8 21.
Bg3 Qe7 22. Be4 Rfc8 23. Rfe1 Be8 24. h3 Bf7 25. Bd3 a6 26. Qe2 g6 27. Bf4 Kg7
28. Bd2 e5 29. Qe3 Rh8 30. Bc3 Kh7 31. a4 Rhe8 32. Bd2 Qf8 33. a5 e4 34. Bxe4
Bxc4 35. Qc3 Qf7 36. Bc6 Rf8 37. Qe3 Qg7 38. Bc3 Qf7 39. Qe7 d5 40. Bxd5 Bxd5
41. Rxd5 1-0

[Event "Finale du championnat de corse individue"]
[Site "Bastia"]
[Date "2014.06.23"]
[Round "6.3"]
[White "Lhostis, Florian"]
[Black "Podvin, Antoine"]
[Result "1/2-1/2"]
[WhiteElo "1778"]
[BlackElo "1745"]
[PlyCount "104"]
[EventDate "2014.??.??"]

1. e4 d5 2. exd5 Nf6 3. d4 Bg4 4. Nf3 Bxf3 5. Qxf3 Qxd5 6. Qxd5 Nxd5 7. Be2 Nc6
8. c3 O-O-O 9. O-O e5 10. dxe5 Nxe5 11. a3 Be7 12. c4 Nb6 13. Nd2 Nd3 14. Bxd3
Rxd3 15. Rb1 Rhd8 16. Re1 Bf6 17. c5 Na4 18. Ne4 Rd1 19. Bg5 Rxb1 20. Rxb1 Bxg5
21. Nxg5 Rd5 22. h4 f6 23. Ne6 Nxc5 24. Nxg7 Re5 25. b4 Nd3 26. Rd1 Nb2 27. Rd4
b5 28. g4 Nc4 29. f4 Re3 30. g5 fxg5 31. hxg5 Nxa3 32. f5 Re7 33. Ne6 Nc4 34.
Rd8+ Kb7 35. f6 Rf7 36. Rd5 Kc6 37. Rc5+ Kd6 38. Nxc7 a6 39. Nxa6 h6 40. Nc7
hxg5 41. Nxb5+ Kd7 42. Rxc4 Rxf6 43. Rc7+ Kd8 44. Rg7 Kc8 45. Rxg5 Rf4 46. Rg8+
Kb7 47. Nd6+ Kc6 48. b5+ Kxd6 49. Rg6+ Kc7 50. Kg2 Rb4 51. b6+ Rxb6 52. Rxb6
Kxb6 1/2-1/2

[Event "Finale du championnat de corse individue"]
[Site "Bastia"]
[Date "2014.06.23"]
[Round "6.4"]
[White "Guillemart, Serge"]
[Black "Utrera, Ludovic"]
[Result "0-1"]
[WhiteElo "1771"]
[BlackElo "2002"]
[PlyCount "94"]
[EventDate "2014.??.??"]

1. d4 Nf6 2. c4 g6 3. Nc3 Bg7 4. e4 d6 5. Be2 O-O 6. Nf3 e5 7. O-O Nc6 8. dxe5
Nxe5 9. Nxe5 dxe5 10. Qxd8 Rxd8 11. Bg5 Re8 12. Rfd1 c6 13. Rd6 Be6 14. Rad1 h6
15. Bc1 Bf8 16. R6d2 h5 17. Kf1 Bb4 18. f3 h4 19. a3 Bf8 20. b3 Nh5 21. Rd3 Nf4
22. Bxf4 exf4 23. a4 Kg7 24. h3 a6 25. a5 Bb4 26. Na4 Rab8 27. Rc1 Bxa5 28. Nc5
Bb4 29. Nxe6+ Rxe6 30. Rcd1 Re5 31. Rd7 Ra5 32. Rc7 Bc5 33. e5 Re8 34. Rxb7
Rxe5 35. b4 Ra2 36. bxc5 Rexe2 37. Rdd7 Rf2+ 38. Ke1 Rxg2 39. Rxf7+ Kh6 40. Kf1
Rgf2+ 41. Kg1 Rxf3 42. Rbe7 Rg3+ 43. Kf1 Rxh3 44. Kg1 Re3 45. Kh1 Kg5 46. Rg7
Rxe7 47. Rxe7 Kg4 0-1

[Event "Finale du championnat de corse individue"]
[Site "Bastia"]
[Date "2014.06.23"]
[Round "7.1"]
[White "Podvin, Antoine"]
[Black "Brethes, Francois"]
[Result "0-1"]
[WhiteElo "1745"]
[BlackElo "2257"]
[PlyCount "138"]
[EventDate "2014.??.??"]

1. d4 d5 2. c4 e6 3. Nc3 Nf6 4. Nf3 Be7 5. Bf4 O-O 6. e3 b6 7. cxd5 exd5 8. Bd3
Bb7 9. O-O Nbd7 10. Ne5 Nxe5 11. dxe5 Ne4 12. Qc2 Nxc3 13. Bxh7+ Kh8 14. bxc3
g6 15. Bxg6 fxg6 16. Qxg6 Qe8 17. Qh6+ Kg8 18. Bg5 Rf7 19. f4 Bxg5 20. fxg5 Rg7
21. Rf3 Bc8 22. Raf1 Bd7 23. Qf6 Qe6 24. h4 Re8 25. h5 Qxe5 26. g6 Qxf6 27.
Rxf6 Bb5 28. R1f5 Bd3 29. Rxd5 Bb1 30. Rd1 Bxa2 31. Ra1 Bd5 32. Rxa7 Rf8 33.
Rxf8+ Kxf8 34. Ra4 Re7 35. h6 Be4 36. g7+ Kf7 37. Rd4 Bh7 38. Kf2 Re6 39. Rh4
Re4 40. Rh1 Kg6 41. Ke2 Bg8 42. Kd3 Rg4 43. Rh2 Bc4+ 44. Kd2 Kh7 45. Ke1 Rg6
46. Rh4 Bg8 47. Kd2 Rxh6 48. Rd4 Rg6 49. g4 Rxg7 50. c4 Kg6 51. Rf4 Rf7 52. Rd4
c5 53. Re4 Rf6 54. Ke2 Kg5 55. Kd2 Bh7 56. Re7 Bg6 57. e4 Kxg4 58. e5 Rc6 59.
Kc3 Kf5 60. Rg7 Kxe5 61. Re7+ Re6 62. Rb7 Ke4 63. Rb8 Ke3 64. Rb7 Rd6 65. Rb8
Be4 66. Kb3 Kd4 67. Rh8 Rg6 68. Rb8 Rg3+ 69. Ka4 Bc6# 0-1